| 000 | 00504cam a2200157 4500500 | ||
|---|---|---|---|
| 005 | 20260329013609.0 | ||
| 041 | _afre | ||
| 042 | _adc | ||
| 100 | 1 | 0 |
_aVerpeaux, Michel _eauthor |
| 700 | 1 | 0 |
_aRimbault, Christine _eauthor |
| 245 | 0 | 0 | _aI. Introduction générale |
| 260 | _c2019. | ||
| 500 | _a25 | ||
| 786 | 0 | _nDGCT | - | 2019-10-30 | p. 281-284 | |
| 856 | 4 | 1 | _uhttps://droit.cairn.info/droit-et-gestion-des-collectivites-territoriales-2019--9782281133844-page-281?lang=fr&redirect-ssocas=7080 |
| 999 |
_c1881661 _d1881661 |
||